Englische Wörter erkennen (Phonetik) - Statistiken

Allgemein
  • Dieses Quiz wurde 153 mal gespielt
  • Das Durchschnittsergebnis liegt bei 9 aus 15
Antwortstatistiken
Aussprache engl. Wort / dt. Wort % Korrekt
ˈæpl apple / Apfel
100%
ɑ:sk ask / fragen
100%
beɪbi baby
100%
bεd bed / Bett
100%
blæk black / schwarz
100%
bluː blue / blau
100%
bɔ͡ɪ boy / Junge
100%
breɪv brave / mutig
100%
braʊn brown / braun
100%
kɒfi coffee / Kaffee
100%
kəm’pju:tər computer
100%
ˈdɑːrk dark / dunkel
100%
dɔg dog / Hund
100%
ɛ́ləfənt elephant / Elefant
100%
ˈɪŋɡlənd England
100%
iːvəl evil / böse
100%
ˈfud food / Essen
100%
fɒrɪst forest / Wald
100%
ɡreɪp grape / Traube
100%
hεlp help / Hilfe
100%
haʊs house / Haus
100%
ˈhʌndrəd hundred / Hundert
100%
lævəndə lavender / Lavendel
100%
mæn man / Mann
100%
mɪdl middle / Mitte
100%
mɪdnaɪt midnight / Mitternacht
100%
mɪnɪt minute / Minute
100%
maʊs mouse / Maus
100%
pɑːrk park
100%
sɪdɘ side / Seite
100%
ˈsɪlvə silver / silber
100%
skaɪ sky / Himmel
100%
sneɪk snake / Schlange
100%
ˈstɒp stop
100%
sʌmər summer / Sommer
100%
səˈpraɪz surprise / Überraschung
100%
teɪbəl table / Tisch
100%
twɛlv twelve / zwölf
100%
ˈverɪ very / sehr
100%
wenzdeɪ Wednesday / Mittwoch
100%
wɜːrld world / Welt
100%
jes yes / ja
100%
ˈfeb.ruː.er.i February / Februar
92%
zíbrə zebra
92%
spayder spider / Spinne
91%
meɪ May / Mai
90%
ˈsɪstə sister / Schwester
90%
treɪn train / Zug
90%
tə́rtəl turtle / Schildkröte
90%
beri berry / Beere
89%
ˈkjuːkʌmbə cucumber / Gurke
89%
red red / rot
89%
ˈsɛvən seven / sieben
89%
sɪk sick / krank
89%
kaʊ cow / Kuh
88%
ˈhæmstə hamster
88%
hɔ́rnət hornet / Hornisse
88%
sepˈtem.bɚ September
88%
vɛʤtəbəl vegetable / Gemüse
88%
wʊd wood / Holz
88%
ˈtelɪvɪʒn television / Fernseher
87%
dæˑns dance / tanzen
86%
eɪt eight / acht
86%
kæ̀ŋgərú kangaroo / Känguru
86%
nʌɪn nine /neun
86%
praɪs price / Preis
86%
sænd sand
86%
skɑːf scarf / Schal
86%
suːp soup / Suppe
86%
ˈtaʊəl towel / Handtuch
86%
wʌndər wonder / Wunder
86%
gʊd good / gut
85%
pǽndə panda
85%
ɑːnt aunt / Tante
83%
tʃeri cherry / Kirsche
83%
dɪˈsem.bɚ December / Dezember
83%
ɪŋɡlɪʃ english / Englisch
83%
greɪ grey / grau
83%
hed head / Kopf
83%
roʊ row / Reihe
83%
bə́tərflày butterfly / Schmetterling
82%
kæt cat / Katze
82%
táygər tiger
82%
ʌp up / auf
82%
ˈbælkəni balcony / Balkon
80%
kærəməl caramel / Karamell
80%
kɔɪn coin / Münze
80%
fɪʃ fish / Fisch
80%
hɔːrs horse / Pferd
80%
dʒæn.ju.er.i January / Januar
80%
plʌm plum / Pflaume
80%
sʌn.deɪ Sunday / Sonntag
80%
tɛn ten / zehn
80%
tuː two / zwei
80%
bɔ:riɳ boring / langweilig
78%
breɪk break / Pause
78%
kʌt cut / schneiden
75%
ˈfɪŋɡə finger
75%
ˌɪnfəˈmeɪʃən information
75%
ˈwi we / wir
75%
ˈiːzi easy / einfach
73%
blʌd blood / Blut
71%
nait night / Nacht
71%
ruːm room / Raum
71%
ɪˈnʌf enough / genug
70%
kɪdni kidney / Niere
70%
mʌŋk monk / Mönch
70%
ˈmɔːnɪŋ morning / Morgen
70%
neɪl nail / Nagel
70%
traɪ try / versuchen
70%
wʌndərfəl wonderful / wundervoll
70%
ɑːrt art / Kunst
67%
ˈbɑːθruːm bathroom / Badezimmer
67%
breɪn brain / Gehirn
67%
tʃer chair / Stuhl
67%
ˈkwaɪə choir / Chor
67%
sɪnəmə cinema / Kino
67%
dálfən dolphin / Delfin
67%
ɪkˈsperɪmənt experiment
67%
ˈheə hair / Haare
67%
hɒlədeɪ holiday / Urlaub
67%
ˈlaɪf life / Leben
67%
maind mind / Verstand
67%
naʊ now / jetzt
67%
prezɪdənt president / Präsident
67%
kwiːn queen / Königin
67%
sætədeɪ Saturday / Samstag
67%
tiːm team / Mannschaft
67%
tju:b tube / Rohr
67%
wei way / Weg
67%
ˈwɪntɚ Winter
67%
wɪð with / mit
67%
biː be / sein
64%
ˌeɪˈtiːn eighteen / achtzehn
64%
faɪər fire / Feuer
64%
ɡəʊld gold
64%
pɒlɪˈtɪʃən politician / Politiker
64%
bəˈnɑː.nə banana / Banane
63%
brɪdʒ bridge / Brücke
63%
ˈfeɪməs famous / berühmt
63%
fraɪdeɪ Friday / Freitag
63%
noʊˈvem.bɚ November
63%
fɑːðər father / Vater
60%
ˌfɪfˈtiːn fifteen / fünfzehn
60%
ˈfʌni funny / lustig
60%
aɪs ice / Eis
60%
ˈdʒækɪt jacket / Jacke
60%
lemən lemon / Zitrone
60%
jeləʊ yellow / gelb
60%
ɔ̀ystər oyster / Auster
58%
ant ant / Ameise
57%
brɒnz bronze
57%
baɪ buy / kaufen
57%
ˈchkən chicken / Huhn
57%
faɪnd find / finden
57%
fʊl full / voll
57%
fʌn fun / Spaß
57%
mɑːrtʃ March / März
57%
mə́ŋki monkey / Affe
57%
šárk shark / Hai
57%
kənˈfjuːzd confused / verwirrt
56%
mʌni money / Geld
56%
sɪks six / sechs
56%
ˈhu who / wer
56%
ˈeɪ.prəl April
50%
fiːt feet / Fuß
50%
flaʊə flower / Blume
50%
fɔː four / vier
50%
ɡoʊt goat / Ziege
50%
hɒt hot / heiß
50%
dʒuːn June / Juni
50%
ˈkɪtʃɪn kitchen / Küche
50%
muːn moon / Mond
50%
ɑːkˈtoʊ.bɚ October / Oktober
50%
ˈrɛr rare / selten
50%
səʊp soap / Seife
50%
ˈθɜː(r)zdeɪ Thursday / Donnerstag
50%
ˈiːvnɪŋ evening / Abend
45%
ˈspɪnɪdʒ spinach / Spinat
45%
guːs goose / Gans
44%
θæŋks thanks / danke
44%
ˈtjuːzdeɪ Tuesday / Dienstag
44%
ˈzɪərəʊ zero / null
44%
ˈkəʊt coat / Mantel
43%
dri:m dream / Traum
43%
dʒɒb job / Arbeit
43%
ˈtuːθbrʌʃ toothbrush / Zahnbürste
42%
wɔːtə water / Wasser
42%
bɪl bill / Rechnung
40%
ˈdɔːtə daughter / Tochter
40%
feis face / Gesicht
40%
fait fight / Kampf
40%
fʌɪv five / fünf
40%
ɡriːn green / grün
40%
hɪə here / hier
40%
mʌn.deɪ Monday / Montag
40%
nɘu no / nein
40%
reɪs race / Rennen
40%
weɪ way / Weg
40%
wɜːrd word / Wort
40%
mʌnts months / Monate
38%
ˈmʌʃrʊm mushroom / Pilz
38%
sei say / sagen
38%
strɔːbri strawberry / Erdbeere
38%
ˈtʃɪmni chimney / Schornstein
33%
ɪr ear / Ohr
33%
həʊm home / Zuhause
33%
mæŋɡəʊ mango
33%
mʌstəd mustard / Senf
33%
pleɪə player / Spieler
33%
siː sea / Meer
33%
ˈʃəʊldə shoulder / Schulter
33%
sliːp sleep / schlafen
33%
waɪn wine / Wein
33%
ɑːnsə answer / Antwort
30%
ˈjʊr.oʊ Euro
30%
dɔːtə daughter / Tochter
29%
mʌðər mother / Mutter
29%
láyən lion / Löwe
27%
ˈhaʊ how / wie
25%
dʒʊˈlaɪ July / Juli
25%
wʌn one / eins
25%
ʃiːp sheep / Schaf
25%
ʃɪp ship / Schiff
25%
tændʒəriːn tangerine / Mandarine
25%
θɪŋ thing / Ding
25%
ˈvɪlɪdʒ village / Dorf
25%
pɜːpl̩ purple / lila
22%
ˈkɑːz cars / Autos
20%
tʃɒklət chocolate / Schokolade
20%
kəʊkənʌt coconut / Kokosnuss
20%
ʌnjən onion / Zwiebel
20%
piːtʃ peach / Pfirsich
20%
ʃʊə sure / sicher
20%
wɔːlnʌt walnut / Walnuss
20%
ˈsʌmɚ Summer / Sommer
18%
baɪk bike / Fahrrad
17%
ǰərǽf giraffe
17%
ɒrɪndʒ orange
17%
ˈθaʊzənd thousand / Tausend
17%
tʃiːp cheap / billig
14%
aɪˈdiə idea / Idee
14%
pəˈteɪtəʊ potato / Kartoffel
14%
ʃuːt shoot / schießen
14%
θriː three / drei
14%
wiːzl̩ weasel / Wiesel
14%
ɑːˈɡʌst August
13%
bɜːn burn / brennen
13%
kɔːs course / Kurs
13%
eye / Auge
13%
mʌnθ month / Monat
13%
bægɪʤ baggage / Gepäck
11%
air / Luft
0%
ˈsɪtɪ city / Stadt
0%
dei day / Tag
0%
haɪ high / hoch
0%
lɜːn learn / lernen
0%
ˈlɪɾɫ̩ little / klein
0%
nəʊz nose / Nase
0%
rait right / rechts
0%
ɹɪŋ ring / Ring
0%
ˈʃeɪvə shaver / Rasierer
0%
saʊθ south / Süden
0%
steəz stairs / Treppe
0%
ˈʌŋkl̩ uncle / Onkel
0%
ʌndə under / unter
0%
Keine übereinstimmenden Quizze gefunden
Verteilung der Resultate
Anzahl Personen mit jedem Resultat
Perzentil nach korrekt beantworteten Fragen
Ihre Resultats-Entwicklung
Sie haben dieses Quiz noch nicht gespielt